000 00343nam a2200145Ia 4500
005 20251222151343.0
008 251222s9999||||xx |||||||||||||| ||spa||
020 _a679450785
082 _a333.952.2/W58
100 _aWilson, Edward O.
245 4 _aThe Future of Life
250 _a1ra.ed.
264 _bRandom House, Inc.
942 _cLIB
999 _c24540
_d24540